| 000 | 00569nam a2200181Ia 4500 | ||
|---|---|---|---|
| 008 | 151018s9999 xx 000 0 und d | ||
| 082 |
_bRBASDV6575 _a891.462 |
||
| 100 | _aचि त्र्य खानोलकर | ||
| 245 | _aसगेसोयरे | ||
| 250 | _b1 | ||
| 260 |
_bपुणे प्रकाशन _c1967 |
||
| 300 | _a82 | ||
| 600 | _aचि त्र्य खानोलकर | ||
| 630 | _aसगेसोयरे | ||
| 700 | _aचि त्र्य खानोलकर | ||
| 730 | _aसगेसोयरे | ||
| 942 | _cBOOK | ||
| 999 |
_c1008949 _d1008946 |
||